000
00260nam a2200097Ia 4500
005
20251222175819.0
008
251222s9999||||xx |||||||||||||| ||spa||
082
_a
DVD0070/W42S/1989
245
0
_a
La sociedad de los poetas muertos:Dead Poets Society
942
_c
DVD
999
_c
40436
_d
40436